01537nam a2200289 a 4500001001000000005001700010008004100027041000800068044000700076084002600083100004500109245007200154260003800226300004200264440003000306500012300336500011600459500033300575500005100908500004000959500001100999650005201010650005601062650003401118650004501152740005001197BRCA_238320190320203801.0101108s1905----sp-#---###---#000-0#spa-u aspa asp a024b.T65c1905 F16151 aCervantes Saavedra, Miguel ded1547-161610aEl Ingenioso Hidalgo Don Quixote de la ManchacMiguel de Cervantes. aBarcelonabToledano Lópezc1905 a1 v. (en varias paginaciones)c18 cm. 0aEnciclopedia literariav8 aContenido : Portada facsímil de la edición príncipe 1615 con el escudo de Juan de la Cuesta. Preliminares. Texto aFacsímil de : Segunda parte del ingenioso cavallero Don Quixote de la Mancha. Madrid: Juan de la Cuesta, 1615 aFacsímile de la segunda parte de le edición príncipe, publicado por Libreria Científico-Literaria Toledano López, en Barcelona, el año de 1905. Forma parte de la colección Enciclopedia litreraria, t. VIII. Ejemplar bellamente encuadernado en semipiel con letras y florones dorados en lomo y planos Lúdovik Osterc aEstado físico : Encuadernación deteriorada aExistencias : Complementa al LO-002 aQM113214aNovela españolayÉpoca clásica, 1500-170014aLiteratura españolayÉpoca clásica, 1500-170014aNovela españolaySiglo XVII14aDon Quijote (Personaje ficticio)eNovela0 aEl Ingenioso Hidalgo Don Quijote de la Mancha